| 000 | 00808cam a2200241 i 4500 | ||
|---|---|---|---|
| 008 | |||
| 020 | _a9780262035736 (hbk. ) | ||
| 049 | _aMAIN | ||
| 090 |
_aN6537 _bPHI |
||
| 100 | 1 | _aPhillips, Stephen John. | |
| 245 | 1 | 0 |
_aElastic architecture : _bFrederick Kiesler and design research in the first age of robotic culture / _cStephen J. Phillips. |
| 264 | 1 |
_aCambridge : _bThe MIT Press, _c2017. |
|
| 300 |
_axiv, 364 p ; _c24 cm. |
||
| 504 | _aIncludes bibliographical references . | ||
| 500 | _aIncludes index. | ||
| 600 | 1 | 0 |
_aKiesler, Frederick _xCriticism and interpretation. |
| 650 | 0 |
_aDesign _xHistory _y20th century. |
|
| 907 |
_a.b10393079 _b02-10-18 _c28-09-18 |
||
| 003 | |||
| 005 | 20230123141127.0 | ||
| 040 | _cNUST | ||
| 942 |
_cBOOKS _kN6537 _mPHI |
||
| 999 |
_c168144 _d168144 |
||